Relationship between foliar nutrient and soil properties of shorea leprosula (meranti tembaga) under enrichment planting

Bibliographic Details
Main Author: Abd. Ramlizauyahhudin Mahli
Format: Book
Published: Serdang, Selangor : Universiti Putra Malaysia , 2003
Subjects:

MARC

LEADER 00000cam a2200000 7i4500
001 0000003894
005 20110819.0
090 0 0 |a R THE 634.97   |b ABDR 2003 
100 0 0 |a Abd. Ramlizauyahhudin Mahli 
245 0 0 |a Relationship between foliar nutrient and soil properties of shorea leprosula (meranti tembaga) under enrichment planting   |c Abd. Ramlizauyahhudin Mahli 
260 0 0 |a Serdang, Selangor :   |b Universiti Putra Malaysia ,   |c 2003 
300 |a xii, 98 p. :   |b .ill (col.) ;   |c 30 cm. 
500 0 0 |a Bibliography : p. 92-98 
500 0 0 |a Thesis: Bac. of Forestry Science, Universiti Putra Malaysia (2003) 
650 0 0 |a Shorea leprosula (meranti tembaga) 
998 |a JPSM 
999 |a 002569   |b Thesis   |c Reference   |e Default branch